Pribudnú kamery

Bibliographic Details
Format: Article
Language:Slovak
PhysicalDescription:Fotogr.
Subjects:

MARC

LEADER 00000nab a2200000 a 4500
001 vtls009937327
003 SK-MaSNL
005 20260303045027.0
008 090807c20090706xo mrzp 0 0slo
038 |a RVGKPD 
040 |a RVGKPD  |b slo  |c RVGKPD  |e AACR2 
041 |a slo 
044 |a xo  |c SK 
080 |a 681.772.7  |2 1997 
080 |a 351.745  |2 1997 
245 0 0 |a Pribudnú kamery  |c [autor] čiž 
300 |b Fotogr. 
610 2 7 |a Rožňava (Slovensko).  |b Mestská polícia  |2 snkbucl 
650 0 7 |a monitorovacie kamery  |2 rvgkpd  |9 72916 
651 7 |a Rožňava (Slovensko)  |2 rvgkpd  |9 17394 
773 0 |t Rožňavské listy = Rozsnyói Lapok  |g Roč. III, č. 6 (6.7.2009), s. 1 
852 |a RVGKPD  |b KIS3G 
992 |a RBX 
999 |c 1702310  |d 1704240